000 00936na a2200277 4500
001 14839
003 MIRAKIL
005 20181213154851.0
008 161028b tu 000 0
020 _a9751609984
035 _a14839
040 _aMilas
_btur
_cTR-AnCHP
041 _atur
082 _a923.2 Yücel.H.A.
_bY99y 1998
090 _a923.2 Yücel.H.A. Y99y 1998
111 _a100. Doğum yıldönümünde Hasan-Ali Yücel Paneli
_d18 Şubat 1998
245 _a100. Doğum yıldönümünde Hasan- Ali Yücel
_cyayına hazırlayan Songül Boybeyi
260 _aAnkara
_bAtatürk Kültür Merkezi Başkanlığı
_c1998
300 _axvi, 176 s.
_bfotg. ; tbl.
_c20 sm.
490 _aFikir ve Sanat Adamları
_v13
504 _aDizin var.
600 _aYücel, Hasan Ali
_d1897 - 1961
_xAnma törenleri
610 _aMilli Eğitim Bakanlığı
_xBakanlar
_yToplantılar
700 _aBoybeyi, Songül
942 _2ddc
_cBKS
999 _c2268
_d2268